Catálogo público

Empleo de la Miel en la Industria Panificadora. (Record no. 178042)

MARC details
000 -CABECERA
campo de control de longitud fija 00586nam a2200181Ia 4500
001 - NÚMERO DE CONTROL
campo de control dia_6950
008 - DATOS DE LONGITUD FIJA--INFORMACIÓN GENERAL
campo de control de longitud fija 220117s1968 xx 000 0 und d
010 ## - NÚMERO DE CONTROL DE LA BIBLIOTECA DEL CONGRESO
Número de control de LC 178042
090 ## - LOCALMENTE ASIGNADO TIPO-LC NÚMERO DE CLASIFICACIÓN (OCLC); NÚMERO DE CLASIFICACIÓN LOCAL (RLIN)
Número de clasificación (OCLC) (R) ; Numero de clasificación, CALL (RLIN) (NR) F 305 1968
110 ## - ENTRADA PRINCIPAL--NOMBRE DE ENTIDAD CORPORATIVA
Nombre de entidad corporativa o nombre de jurisdicción como elemento de entrada SAG Dirección General De Avicultura y Otras Especies Menores
9 (RLIN) 162655
245 ## - MENCIÓN DE TÍTULO
Título Empleo de la Miel en la Industria Panificadora.
260 ## - PUBLICACIÓN, DISTRIBUCIÓN, ETC.
Lugar de publicación, distribución, etc. México :
Nombre del editor, distribuidor, etc. SAG Dirección General De Avicultura y Otras Especies Menores,
Fecha de publicación, distribución, etc. 1968
901 ## - ELEMENTOS DE DATOS A LOCAL LDA (RLIN)
a F 305 1968
902 ## - ELEMENTOS DE DATOS B LOCAL, LDB (RLIN)
a A
905 ## - ELEMENTOS DE DATOS E LOCAL, LDE (RLIN)
a 0000001968 MX 0000000000SPA00
942 ## - ELEMENTOS DE PUNTO DE ACCESO ADICIONAL (KOHA)
Tipo de ítem Koha 12

No items available.